| 000 | 00719nam a2200181 a 4500 | ||
|---|---|---|---|
| 008 | 061204s2006 ||||||||||||||||| || u | ||
| 020 | _a0821368516 | ||
| 050 | _aIBRD(06)IEG/2006/9 | ||
| 110 | _aWorld Bank | ||
| 245 | 1 | 0 | _aSmall states: making the most of development assistance: a synthesis of World Bank evaluation findings |
| 260 |
_aWashington, D.C. _bWorld Bank _c2006 |
||
| 300 | _avii. ; 39p.; ill. | ||
| 350 | _a0.00 | ||
| 650 | 0 | _aECONOMIC ASSISTANCE | |
| 650 | 0 | _aAFRICA--ECONOMIC CONDITIONS | |
| 710 | _aIndependent Evaluation Group (IEG) | ||
| 995 |
_D0.00 _FCBU-MAIN LIBRARY (Kitwe) _H1 _I0.00 _M1 _UAVAILABLE _WJan 9, 2008 _ZInternational Publications |
||
| 999 |
_c57617 _d57617 |
||